Top 15 Average Attendance at College Football Stadiums - Statistics

General Stats
  • This quiz has been taken 2,146 times
  • The average score is 11 of 15
Answer Stats
Hint Answer % Correct
104,909 Michigan
97%
101,534 Alabama
96%
94,103 Texas
90%
106,296 Ohio State
88%
85,834 Florida
86%
92,746 Georgia
82%
101,723 LSU
79%
101,623 Penn State
77%
99,754 Tennessee
77%
85,162 Oklahoma
73%
105,123 Texas A&M
70%
87,451 Auburn
68%
82,211 Florida State
64%
91,259 Nebraska
50%
81,381 South Carolina
38%
No matching quizzes found
Score Distribution
Percent of People with Each Score
Percentile by Number Answered
Your Score History
You have not taken this quiz